000 00658nam a22002417a 4500
003 UA-OsUOA
001 30614
007 ta
008 20041111b un ||||| |||| 00| 0 ukr d
100 _aМейлах Б.
090 _a82.09(470+571)
_bМ45
942 _cBK
040 _aUA-OsUOA
_brus
_cUA-OsUOA
_dUA-OsUOA
245 _aА. С. Пушкин
_bОчерк жизни и творчества
300 _a200 с.
_bІлюстрації
955 _a0
041 _arus
080 _a82.09(470+571)
260 _aМосква
_bИздательство Академи Наук СССР
_c1949
044 _aRU
650 7 _2UDC
999 _c317027
_d317027